Miasta znajdujące się w powiecie poznańskim - Statystyki

Ogólne statystyki
  • Ten quiz został rozwiązany 22 razy
  • Średni wynik to 5 z 7
Statystyki odpowiedzi
Miasta % Poprawnych
Luboń
95%
Swarzędz
95%
Mosina
80%
Puszczykowo
75%
Kórnik
60%
Pobiedziska
60%
Buk
40%
Nie znaleziono quizów pasujących do podanych kryteriów
Rozkład punktacji
Procent ludzi z każdym wynikiem
Percentyl według liczby udzielonych odpowiedzi
Twoja historia wyników
Nie rozwiązałeś tego quizu